| 000 | 01212nam a2200277Ia 4500 | ||
|---|---|---|---|
| 005 | 20220317001310.0 | ||
| 008 | 161108s9999 ck g 000 0 spa | ||
| 020 | _a9789588886237 | ||
| 100 | 1 | 3 |
_aGarcía Márquez, Gabriel _d1927-2014 |
| 245 | 1 | 3 |
_aLa increíble y triste historia de la Cándida Eréndira y de su abuela desalmada _cGabriel García Márquez |
| 250 | _a2a reimpresión | ||
| 300 |
_a158 páginas _c19 cm |
||
| 490 | _aContemporánea | ||
| 500 | _aIncluye datos biográficos del autor -- Premio Nobel de Literatura, 1982 | ||
| 505 | _aUn señor muy viejo con unas alas enormes -- El mar del tiempo perdido -- El ahogado más hermoso del mundo -- Muerte constante más allá del amor -- El último viaje del buque fantasma -- Blacamán el bueno, vendedor de milagros -- La increíble y triste histo | ||
| 650 | 1 | 4 |
_2LEMB _aCuentos colombianos |
| 650 | 1 | 4 |
_2LEMB _aLiteratura colombiana |
| 650 | 1 | 4 |
_2LEMB _aRealismo mágico en la literatura |
| 942 |
_2loc _cBKLIT |
||
| 264 |
_aBogotá _bDebolsillo |
||
| 336 |
_atexto _btxt _2rdacontent |
||
| 337 |
_asin mediación _bn _2rdamedia |
||
| 338 |
_avolumen _bnc _2rdacarrier |
||
| 040 |
_aCO-BoRNBP _bspa _erda _cCO-BoRNBP |
||
| 084 | _aC GAR2 | ||
| 999 |
_c6540 _d6540 |
||